000 00807cam a2200277 i 4500
001 768714001
003 CO-MdBIC
005 20231123143535.0
007 ta
008 231123t1995 -us||||| |||| 00| 0 eng d
020 _a0-9625655-1-2
040 _bspa.
_aCO-MdFUSB
_cCO-MdFUSB
_dCO-MdFUSBC
_erda
041 _aeng
082 0 4 _aG 231.044 H472t
100 1 _aHeinze, E. Charles
245 1 0 _aTrinity and triunity : Salvation and the nature of the godhead / E, Charles Heinze
_c/
264 1 _aDale City, Virginia, USA : Epaphras
_bEpaphras Press,
_c[1995]
264 4 _c©1995
300 _aXIV, 132 Pag
_c;
336 _atexto
_btxt
_2rdacontent
337 _2rdamedia
_asin mediación
_bn
338 _2rdacarrier
_avolumen
_bnc
650 1 7 _aTrinidad
_9177
942 _cBK
945 _ajohan1477
999 _c34414
_d34414